00377pab a2200145 454500008004000000100002100040245005500061260000900116300001300125362001200138650002600150650001000176700002500186773002000211180718b2008 xxu||||| |||| 00| 0 eng d aSolo, N. Martina aA micro study of Assam Co-operative Apex Bank Ltd. c2008 ap.67-78. aJan-Mar aBanks - India - Assam aBanks aPandey, Sanjay Kumar aIASSI Quarterly